Roma / (Record no. 173312)

MARC details
000 -LEADER
campo de control de longitud fija 00630nam a2200193 i 4500
001 - NÚMERO DE CONTROL
campo de control 173312
003 - IDENTIFICADOR DE NÚMERO DE CONTROL
campo de control ES-MaACL
005 - FECHA Y HORA DE LA ÚLTIMA TRANSACCIÓN
campo de control 20240607063001.0
008 - DATOS DE LONGITUD FIJA--INFORMACIÓN GENERAL
campo de control de longitud fija 091125s1968 sp f |||| | spa d
080 ## - NÚMERO DE LA CLASIFICACIÓN DECIMAL UNIVERSAL
Número de la Clasificación Decimal Universal 914.563.2 R (0:741.9)
100 1# - ENTRADA PRINCIPAL--NOMBRE DE PERSONA
Nombre de persona Ridruejo, Dionisio,
Fechas asociadas al nombre 1912-1975
9 (RLIN) 97065
245 10 - MENCIÓN DEL TÍTULO
Título Roma /
Mención de responsabilidad, etc. Dionisio Ridruejo y Fernando Chueca.
260 ## - PUBLICACIÓN, DISTRIBUCIÓN, ETC.
Lugar de publicación, distribución, etc. Madrid :
Nombre del editor, distribuidor, etc. S.E.D.E.,
Fecha de publicación, distribución, etc. 1968.
300 ## - DESCRIPCIÓN FÍSICA
Extensión 34 p., 5 h., 65 lám. ;
Dimensiones 35 cm.
651 #4 - PUNTO DE ACCESO ADICIONAL DE MATERIA--NOMBRE GEOGRÁFICO
Nombre geográfico Roma (Ciudad)-
Subdivisión general En el arte.
9 (RLIN) 143152
700 1# - ENTRADA AGREGADA--NOMBRE PERSONAL
Nombre de persona Chueca Goitia, Fernando,
Fechas asociadas al nombre 1911-2004
9 (RLIN) 38688
852 ## - LOCALIZACIÓN
Ubicación ES-MaACL
Número de control de estantería Armario 18
Encuadernación Olim C-36320
Holdings
Estatus retirado Estado de pérdida Estado de daño No para préstamo Biblioteca de origen Biblioteca actual Ubicación en estantería Fecha de adquisición Fuente de adquisición Total de préstamos Signatura topográfica completa Código de barras Visto por última vez Precio de reemplazo Tipo de ítem Koha
        Biblioteca del Ateneo de Madrid Biblioteca del Ateneo de Madrid Depósito 25/11/2009     Armario 18 1181884 23/02/2023 23/02/2023 Libro impreso